| 000 | 00401nam a2200145Ia 4500 | ||
|---|---|---|---|
| 008 | 231129s1997||||xx |||||||||||||| ||spa|| | ||
| 020 | _a958-614-557-3 | ||
| 040 | _bspa | ||
| 082 | _a303.69 R586c | ||
| 100 | _aRíos Muñoz José Noé | ||
| 245 | 0 | _aComo negociar a partir de la importancia del otro | |
| 260 | _c1997 | ||
| 264 | _aPlaneta | ||
| 942 |
_2ddc _cBKS |
||
| 999 |
_c7632 _d7632 |
||